000 00838nam a2200241 i 4500
001 66471
003 ES-MaACL
005 20250812070137.0
007 t|
008 010907s2001 sp ||||0| spa d
020 _a84-7821-456-9
040 _aM-BN
_bspa
_cM-BN
080 _a7.036(460.15)(064.3)
110 2 _aMuseo de Bellas Artes de Álava.
_95842
245 1 0 _aArte vasco hasta los cincuenta en los fondos del Museo de Bellas Artes de Alava /
_c[textos, Pedro de Sancristóval y Murua...et al.].
260 _a[Vitoria-Gasteiz] :
_bDiputación Foral de Alava,
_c[2001]
300 _a382 p. :
_bil. col. ;
_c30 cm.
650 4 _aArte-
_zPaís Vasco
_910124
710 1 _aÁlava.
_bConsejo de Cultura.
_91309
852 _aES-MaACL
_jL-26975
_bR.132334
999 _c66471
_d66471